<?xml version="1.0" encoding="UTF-8"?>
<collection xmlns="http://www.loc.gov/MARC21/slim">
 <record>
  <leader>01505nam a2200349 a 4500</leader>
  <controlfield tag="001">43589</controlfield>
  <controlfield tag="003">BD-DhAAL</controlfield>
  <controlfield tag="005">20241022100508.0</controlfield>
  <controlfield tag="008">241022t1992    caua     b    001 0 eng  </controlfield>
  <datafield tag="010" ind1=" " ind2=" ">
   <subfield code="a">   92019874 </subfield>
  </datafield>
  <datafield tag="020" ind1=" " ind2=" ">
   <subfield code="a">0899081908 (lib.)</subfield>
  </datafield>
  <datafield tag="020" ind1=" " ind2=" ">
   <subfield code="a">0899081657 (pbk.)</subfield>
  </datafield>
  <datafield tag="040" ind1=" " ind2=" ">
   <subfield code="a">DLC</subfield>
   <subfield code="c">DLC</subfield>
   <subfield code="d">DLC</subfield>
   <subfield code="d">BD-DhAAL</subfield>
  </datafield>
  <datafield tag="042" ind1=" " ind2=" ">
   <subfield code="a">lcac</subfield>
  </datafield>
  <datafield tag="050" ind1="0" ind2="0">
   <subfield code="a">RA644.A25</subfield>
   <subfield code="b">A36477 1992</subfield>
  </datafield>
  <datafield tag="082" ind1="0" ind2="0">
   <subfield code="a">362.1969792</subfield>
   <subfield code="2">20</subfield>
  </datafield>
  <datafield tag="245" ind1="0" ind2="0">
   <subfield code="a">AIDS :</subfield>
   <subfield code="b">opposing viewpoints /</subfield>
   <subfield code="c">Michael D. Biskup, book editor, ; Karin L. Swisher, book editor.</subfield>
  </datafield>
  <datafield tag="260" ind1=" " ind2=" ">
   <subfield code="a">San Diego, CA :</subfield>
   <subfield code="b">Greenhaven Press,</subfield>
   <subfield code="c">c1992.</subfield>
  </datafield>
  <datafield tag="300" ind1=" " ind2=" ">
   <subfield code="a">215 pages :</subfield>
   <subfield code="b">illusrations ;</subfield>
   <subfield code="c">23 cm.</subfield>
  </datafield>
  <datafield tag="490" ind1="1" ind2=" ">
   <subfield code="a">Opposing viewpoints series</subfield>
  </datafield>
  <datafield tag="504" ind1=" " ind2=" ">
   <subfield code="a">Includes bibliographical references (p. 206-208) and index.</subfield>
  </datafield>
  <datafield tag="520" ind1=" " ind2=" ">
   <subfield code="a">Includes articles that present different viewpoints on such aspects of AIDS as the seriousness of the problem, moral issues, prevention, and treatment. Includes critical thinking activities.</subfield>
  </datafield>
  <datafield tag="541" ind1=" " ind2=" ">
   <subfield code="a">Savar campus library</subfield>
   <subfield code="e">43589</subfield>
  </datafield>
  <datafield tag="650" ind1=" " ind2="0">
   <subfield code="a">AIDS (Disease)</subfield>
   <subfield code="x">Social aspects.</subfield>
  </datafield>
  <datafield tag="650" ind1=" " ind2="1">
   <subfield code="a">AIDS (Disease).</subfield>
  </datafield>
  <datafield tag="650" ind1=" " ind2="1">
   <subfield code="a">Critical thinking.</subfield>
  </datafield>
  <datafield tag="700" ind1="1" ind2=" ">
   <subfield code="a">Biskup, Michael D.,</subfield>
   <subfield code="d">1956-</subfield>
   <subfield code="9">12149</subfield>
  </datafield>
  <datafield tag="700" ind1="1" ind2=" ">
   <subfield code="a">Swisher, Karin,</subfield>
   <subfield code="d">1966-</subfield>
   <subfield code="9">11291</subfield>
  </datafield>
  <datafield tag="830" ind1=" " ind2="0">
   <subfield code="a">Opposing viewpoints series (Unnumbered)</subfield>
   <subfield code="9">8059</subfield>
  </datafield>
  <datafield tag="942" ind1=" " ind2=" ">
   <subfield code="2">ddc</subfield>
   <subfield code="c">BK</subfield>
  </datafield>
  <datafield tag="999" ind1=" " ind2=" ">
   <subfield code="c">47045</subfield>
   <subfield code="d">47045</subfield>
  </datafield>
  <datafield tag="952" ind1=" " ind2=" ">
   <subfield code="0">0</subfield>
   <subfield code="1">0</subfield>
   <subfield code="2">ddc</subfield>
   <subfield code="4">0</subfield>
   <subfield code="6">362_196979200000000_AID</subfield>
   <subfield code="7">0</subfield>
   <subfield code="9">76728</subfield>
   <subfield code="a">SCL</subfield>
   <subfield code="b">SCL</subfield>
   <subfield code="c">GEN</subfield>
   <subfield code="d">2024-10-22</subfield>
   <subfield code="e">Savar Campus Library</subfield>
   <subfield code="l">0</subfield>
   <subfield code="o">362.1969792 AID</subfield>
   <subfield code="p">3020043589</subfield>
   <subfield code="r">2024-10-22</subfield>
   <subfield code="t">1</subfield>
   <subfield code="w">2024-10-22</subfield>
   <subfield code="y">BK</subfield>
   <subfield code="x">Price not available in register.</subfield>
  </datafield>
 </record>
</collection>
